00325nam a2200121Ia 4500008004100000041000800041082001200049100001700061245004400078260004400122300003000166365000700196240624s9999 xx 000 0 und d aeng a413 HEE aHEERY EDMUND aDICTIONARY OF HUMAN RESOURCE MANAGEMENT c2003aNew YorkbOxford University press axxvii, : 449 : p. ; 22cm. cRS